BIBLIOTHÈQUE DE LA MAISON DU MEXIQUE

Logo 1 Logo 2

Intellectuels, état et société au Mexique (notice nᵒ 752)

détails MARC
000 -Sello discográfico
campo de control de longitud fija 01124nam a2200313 4500
005 - Identificación de versión
campo de control 20251016082414.0
010 ## - Número Estándar Internacional de Libros (ISBN)
Número (ISBN) 2-7384-1404-4
099 ## - fechas locales
Tipo de ítem Koha LIBRO
100 ## - Datos de procesamiento general
Datos de procesamiento general 19960705d1992 m y1spay5003 ba
105 ## - Campo de datos codificados: Material textual, monográfico
Datos codificados de monografía a 001zy
200 1# - Título y mención de responsabilidad
Título propio Intellectuels, état et société au Mexique
Designación general del material texto impreso
Otra información del título les clercs de la nation : 1910-1968
Primer mención de responsabilidad Annick Lempérière
210 ## - Publicación, distribución, etc.
Lugar de publicación, distribución, etc. Paris
Nombre del editor, distribuidor, etc. Editions L'Harmattan
Fecha de publicación, distribución, etc. 1992
215 ## - Descripción física
Designación de material específico y extensión del ítem 393 p
Otras características físicas cuadros
Dimensiones 24 cm
320 ## - Nota de índices/bibliografías internas
Texto de la nota Incluye bibliografía: p.381-390
345 ## - Nota de información de adquisición
Fuente de adquisición/dirección de la suscripción [OBSOLETO] Compra
410 #1 - Series
Título Recherches et Documents Amériques Latines
606 ## - Término temático usado como materia
Elemento de entrada Intelectuales
Subdivisión temática Actividad política
Subdivisión geográfica México
Subdivisión temática Historia
Subdivisión cronológica Siglo XX
Número Koha 2057
606 ## - Término temático usado como materia
Elemento de entrada Intelectuales
Subdivisión geográfica México
Subdivisión temática Historia
Subdivisión cronológica Siglo XX
Número Koha 2058
607 ## - Nombre geográfico utilizado como tema
Elemento de entrada México
Subdivisión temática Vida intelectual
Subdivisión cronológica Siglo XX
Número Koha 2059
660 ## - Código de área geográfica
Código MX
700 ## - Nombre personal - Responsabilidad primaria
Elemento de entrada Lempérière
Parte del nombre distinta del elemento de entrada Annick
Fechas 1953-
Número Koha 2060
801 #0 - Fuente de origen
País FR
Agencia cm
Reglas de catalogación (convenciones descriptivas) AFNOR
900 ## -
-- 1/12356
900 ## -
-- 710961848\\050796
942 ## - ELEMENTOS DE ENTRADA SECUNDARIOS (KOHA)
Tipo de ítem Koha Livre
996 ## -
-- MEX
-- 751145101
-- MMAG
-- 002185
-- 980.72 H287 V.4
-- 20120301LIV
Exemplaires
Estatus retirado Estado de daño Estado de pérdida Fecha de adquisición Biblioteca de origen Biblioteca actual Ubicación en estantería Código de barras Precio de reemplazo Signatura topográfica completa No para préstamo Tipo de ítem Koha Nota pública Nota no pública
      05/08/2025 Casa México Paris Casa México Paris   002185 05/08/2025 980.72 H287 V.4   Livre 20120301LIV 751145101